| 000 | 01592nam a2200313 a 4500 | ||
|---|---|---|---|
| 001 | 000000366 | ||
| 003 | DO-SdBNP | ||
| 005 | 20210629143832.0 | ||
| 008 | 081212s2006 dr a r 001 0 spa d | ||
| 020 | _a9945160486 | ||
| 040 |
_aDO-SdBNP _bspa _cBNPHU |
||
| 082 |
_a460.7 _bA475m, 2006 |
||
| 100 | 1 |
_aAlvino Romero, Sonia _9520 |
|
| 245 | 1 | 0 |
_aManual práctico de redacción general / _cSonia Alvino Romero. |
| 250 | _a3a ed. corr. | ||
| 260 |
_aSanto Domingo : _bBúho, _c2006. |
||
| 300 |
_a201 p. : _bil. ; _c28 cm. |
||
| 504 | _aBibliografía : 199-201 | ||
| 505 | 0 |
_tPrólogo -- _tIntroducción -- _gPrimera unidad. _tLa comunicación: importancia para el ser humano -- _tLa lectura -- _tLa expresión común y la expresión literaria -- _t¿Qué es redactar? -- _tEl estilo -- _tEl párrafo -- _tEl resumen y la síntesis -- _tLa acentuación -- _tLas letras mayúsculas -- _tLos signos de puntuación -- _tDudas lingüísticas -- _gSegunda unidad. _tDistintas formas de expresión -- _gTercera unidad. _tPreliminares -- _tRedacción de textos discursivos e informativos -- _tLa redacción periodística -- _tLa redacción publicitaria -- _tApéndice -- _tBibliografía. |
|
| 590 | _aInventariado, 2018/BT | ||
| 650 | 4 |
_aEspañol _xEnseñanza _9406 |
|
| 650 | 4 |
_aRedacción _xEjercicios de redacción _91227 |
|
| 650 | 4 |
_aEspañol _xOrtografía _xEnseñanza _91228 |
|
| 650 | 4 |
_aEspañol _xLibros de texto _91133 |
|
| 650 | 4 |
_aPreparación de manuscritos (arte de escribir) _91230 |
|
| 650 | 4 |
_aPeriodismo _xArte de escribir _927 |
|
| 910 | _aValidado. Control de calidad. MMOLINA | ||
| 942 |
_2ddc _cLBS1 |
||
| 999 |
_c365 _d365 |
||